000 00692nab a2200229u 4500
001 17881
003 HDC
007 c| |||a|c|aaaa
008 210224b20140829my ||||| |||| 00| 0 may d
040 _aHDC
245 0 _aIndustri herba naik
336 _atext
_2rdacontent
337 _acomputer
_2rdamedia
338 _aonline resource
_2rdacarrier
650 _aherb exhibition
_917049
650 _aIndustry herb
_917048
710 _aBERITA HARIAN
856 _zRequest full-text at [email protected]
942 _2lcc
942 _cNEWS
942 _kNWSC 005048
999 _c15197
_d15197